Pays avec son PIB par habitant le plus faible par continent - Statistiques

Statistiques générales
  • Ce quiz a été pris 111 fois
  • Le résultat moyen est 41 sur 60
Statistiques - réponses
PIB/hab. ($) Réponse % Correct
4 281 Kosovo
87%
499 Somalie
87%
3 549 Bolivie
83%
8 291 Brésil
83%
5 871 Paraguay
83%
5 594 Venezuela
83%
5 264 Albanie
82%
11 623 Argentine
82%
868 Haïti
82%
6 951 Pérou
82%
6 647 Colombie
81%
4 635 Guyana
81%
6 345 Equateur
80%
3 189 Moldavie
80%
7 234 Serbie
80%
5 950 Suriname
80%
4 549 Guatemala
79%
6 084 Macédoine du Nord
79%
9 273 Bulgarie
76%
8 761 Monténégro
76%
6 290 Biélorussie
74%
5 951 Bosnie-Herzégovine
74%
412 Niger
74%
3 095 Ukraine
74%
276 Soudan du Sud
73%
1 476 Pakistan
71%
562 République démocratique du Congo
71%
510 République Centrafricaine
70%
512 Afghanistan
69%
1 532 Ouzbékistan
69%
4 392 Samoa
69%
827 Tadjikistan
69%
2 483 Honduras
68%
2 019 Nicaragua
68%
4 058 Salvador
68%
4 364 Tonga
67%
1 028 Népal
65%
994 Yémen
65%
3 033 Vanuatu
64%
275 Burundi
63%
2 163 Salomon
62%
3 781 Tuvalu
62%
1 281 Kirghizistan
61%
2 769 Papouasie Nouvelle Guinée
61%
5 029 Belize
60%
1 235 Corée du Nord
60%
3 621 Marshall
60%
7 650 République Dominicaine
60%
7 387 Saint-Vincent et les Grenadines
60%
5 356 Jamaïque
58%
389 Malawi
58%
7 032 Dominique
57%
1 625 Kiribati
57%
3 058 Micronésie
56%
523 Sierra Leone
56%
1 386 Myanmar
55%
1 512 Cambodge
51%
490 Mozambique
51%
461 Madagascar
46%
5 436 Niue
8%
Aucun quiz correspondant
Distribution des résultats
% des personnes avec chaque résultat
Percentile par nombre de réponses
Votre historique - résultats
Vous n’avez pas pris ce quiz